000 01409nam a2200349 c 4500
003 BLK
005 20180420224856.0
008 180408b bul|||||r ||||||| ||bul||
010 _aKNG00089781000
020 _a978-954-608-155-1
_bиздат.: Труд и право
040 _aBLK
041 _aBUL
_cBUL
080 _aТрудово законодателство. Работническо законодателство. Социално законодателство
_b351.83
_x:331(497.2)(094.4)
_z351.83:331(497.2)(094.4)
110 1 _aБългария. Закони и др. п.
_9243213
139 _aБългария. Закони и др. п.
_bБ 92
245 1 0 _aКодекс на труда
_bОбнар., ДВ, бр. 26/01.04.1986 и бр. 27/04.04.1986,..., изм. и доп. бр. 43, 94, 108 и 109 от 2008 г.
257 _aBGR
260 София
_bТруд и право
_c2009
300 _a192 с.
_c22 см
380 _a3
500 _aОфс. изд.
650 4 _aТруд - България - законодателни и директивни материали
_9250742
651 4 _aБългария
_9241624
653 _aКодекс на труда
653 _aтруд
653 _aзакони
852 _aЦб 244210
856 4 _qpdf
_u
856 4 _qpdf
_u
942 _cKNG
_n0
944 _aCR
_c08.06.2009
_lф /
_kВаля_Йорданова
944 _aED
_c07.09.2011
_lф /
_k
999 _c85185
_d85185